The battle of life

Bibliographic Details
Main Author: P.N Fasma
Corporate Author: Title
Format: Book
Published: Kuala Lumpur : Pustaka Buana , 2004
Series:Cheerful novella readers
Subjects:

MARC

LEADER 00000cam a2200000 7i4500
001 0000001449
005 20151222.0
008 070705
020 |a 9832642507 
090 0 0 |a JF   |b ENG 
100 1 |a P.N Fasma 
245 1 0 |a The battle of life   |c P.N Fasma 
260 |a Kuala Lumpur :   |b Pustaka Buana ,   |c 2004 
440 |a Cheerful novella readers 
500 |a Children ages 10-12 years old (pink) 
650 0 |a Junior fiction   |x English   |x Languages 
710 0 |a Title 
999 |a 0000929525   |b Book   |c Children Collection   |e Cawangan Tangkak 
999 |a 0000966715   |b Book   |c Children Collection   |e Cawangan Pontian 
999 |a 0000966716   |b Book   |c Children Collection   |e Cawangan Bandar Penawar 
999 |a 0000966717   |b Book   |c Children Collection   |e Perbadanan Perpustakaan Awam Johor 
999 |a 0000966718   |b Book   |c Children Collection   |e Cawangan Sri Merlong 
999 |a 0000966719   |b Book   |c Children Collection   |e Cawangan Segamat 
999 |a 0001051359   |b Book   |c Children Collection   |e Cawangan Segamat